Loading...
| Current Events | 2 | 20.00 | 100% | 50% | 50% |
| Fine Arts - Classical Music | 3 | 6.67 | 67% | 0% | 0% |
| Fine Arts - Other Fine Arts | 1 | 10.00 | 100% | 0% | 0% |
| Fine Arts - Painting and Sculpture | 4 | 5.00 | 50% | 0% | 0% |
| History - American History | 6 | 10.00 | 83% | 17% | 0% |
| History - European History | 4 | 10.00 | 75% | 25% | 0% |
| History - Other History | 4 | 12.50 | 100% | 25% | 0% |
| History - World History | 3 | 13.33 | 100% | 0% | 33% |
| Literature - American Literature | 2 | 10.00 | 100% | 0% | 0% |
| Literature - British Literature | 3 | 3.33 | 33% | 0% | 0% |
| Literature - European Literature | 5 | 4.00 | 40% | 0% | 0% |
| Literature - World Literature | 6 | 11.67 | 83% | 33% | 0% |
| Mythology | 6 | 11.67 | 100% | 17% | 0% |
| Other Academic | 2 | 15.00 | 100% | 50% | 0% |
| Philosophy | 1 | 0.00 | 0% | 0% | 0% |
| Pop Culture | 1 | 0.00 | 0% | 0% | 0% |
| Religion | 1 | 0.00 | 0% | 0% | 0% |
| Science - Biology | 5 | 8.00 | 80% | 0% | 0% |
| Science - Chemistry | 4 | 2.50 | 25% | 0% | 0% |
| Science - Other Science | 6 | 3.33 | 33% | 0% | 0% |
| Science - Physics | 2 | 5.00 | 50% | 0% | 0% |
| Social Science | 1 | 20.00 | 100% | 100% | 0% |